Festival Guadalajara '89 /
Tallennettuna:
| Yhteisötekijä: | |
|---|---|
| Muut tekijät: | , |
| Aineistotyyppi: | Konferenssijulkaisu Kirja |
| Kieli: | espanja |
| Julkaistu: |
Guadalajara, México :
Gobierno del Estado de Jalisco : Banca Promex : Patrimonio Cultural de Occidente,
1989, c1989
|
| Tagit: |
Ei tageja, Lisää ensimmäinen tagi!
|
MARC
| LEADER | 00000nam^a2200000^a^4500 | ||
|---|---|---|---|
| 001 | 000583253 | ||
| 005 | 20250526000000.0 | ||
| 009 | 20260310132647.028 | ||
| 037 | |a Acervo ITESO - Biblioteca | ||
| 041 | |a ESP | ||
| 091 | |a FCO. 00244 | ||
| 111 | |a Festival Guadalajara ( |n 1° : |d 1989 : |c Guadalajara, México) | ||
| 245 | 1 | 0 | |a Festival Guadalajara '89 / |
| 264 | 4 | |a Guadalajara, México : |b Gobierno del Estado de Jalisco : |b Banca Promex : |b Patrimonio Cultural de Occidente, |c 1989, c1989 | |
| 300 | |a 67 p. ; |c 24.5 cm. | ||
| 336 | |a texto |b txt |2 rdacontenido | ||
| 337 | |a sin mediación |b n |2 rdamedio | ||
| 338 | |a volumen |b nc |2 rdasoporte | ||
| 649 | |a XX | ||
| 700 | |a Martínez Réding, Fernando |e (edición) | ||
| 700 | |a Salcedo Méndez, Cecilia |e (fotógrafo) | ||
| 910 | |a Fondo Erich Coufal Kieswetter | ||
| 920 | |a Impresos - Libros | ||
| 930 | |a Libros Antiguos y Raros | ||
| 905 | |a 142 | ||
| 901 | |a 0500411794 |b IT2 |c LRA |i D |u 20250526 | ||
| 902 | |a https://opac.biblio.iteso.mx/vufind/Record/000583253 | ||